[Event "Titled Tuesday intern op 03rd Jan Late"]
[Site "Chess.com INT"]
[Date "2025.06.03"]
[Round "2"]
[White "Fernandez Guillen, Ernesto J"]
[Black "Zhukovskyi, Oleksandr"]
[Result "0-1"]
[WhiteElo "2485"]
[BlackElo "2153"]
[PlyCount "148"]
[EventDate "2025.06.03"]
[EventType "swiss (blitz)"]
[EventRounds "11"]
[EventCountry "USA"]
[SourceTitle "CB24_2025"]
[SourceDate "2025.06.11"]
[SourceVersion "1"]
[SourceVersionDate "2025.06.11"]
[SourceQuality "1"]

1. e4 Nf6 2. Nc3 d5 3. exd5 Nxd5 4. d4 Nxc3 5. bxc3 g6 6. Bd3 Bg7 7. Ne2 c5 8. h4 h5 9. Bg5 Nc6 10. 0-0 cxd4 11. cxd4 Nxd4 12. Nxd4 Qxd4 13. Bb5+ Kf8 14. Qe2 Bf6 15. Rad1 Qb6 16. Be3 Qc7 17. Bd4 Bg4 18. Qe3 Bxd1 19. Rxd1 Rd8 20. c3 Kg7 21. Re1 Bxd4 22. cxd4 Rd5 23. Ba4 Rhd8 24. Bb3 Rxd4 25. g3 R8d7 26. Rc1 Qd6 27. Rc8 Rd3 28. Qxa7 Rc7 29. Qa8 Rxc8 30. Qxc8 Qc6 31. Qb8 Rc3 32. Qe5+ Kg8 33. Kh2 Rf3 34. Kg1 Rc3 35. Kh2 Qf6 36. Qe2 Rc5 37. Kg2 b5 38. Qe3 Qc6+ 39. Kh2 Rc3 40. Qd4 Rf3 41. Qd8+ Kg7 42. Qd2 Qf6 43. Kg2 Rf5 44. Qe3 Qc6+ 45. Kh2 Qd6 46. Qc3+ Qe5 47. Qc2 Qd4 48. Kg2 Re5 49. Qc1 Qe4+ 50. Kh2 Qe2 51. Kg2 Rf5 52. Qc3+ e5 53. Qc5 Qe4+ 54. Kg1 Qe1+ 55. Kg2 Qe4+ 56. Kg1 Qf3 57. Qb6 e4 58. Qd4+ Rf6 59. Bd1 Qd3 60. Qxd3 exd3 61. Kf1 Re6 62. Bf3 Re5 63. Kg2 Kf6 64. g4 hxg4 65. Bxg4 d2 66. f4 Re1 67. Kf2 d1Q 68. Bxd1 Rxd1 69. Ke3 Ra1 70. Kd4 Rxa2 71. Kc5 Ra4 72. Kxb5 Rxf4 73. Kc5 Rxh4 74. Kd5 Rf4 0-1

[Event "Titled Tuesday intern op 03rd Jan Late"]
[Site "Chess.com INT"]
[Date "2025.06.03"]
[Round "11"]
[White "Lymar, Vladislav"]
[Black "Zhukovskyi, Oleksandr"]
[Result "1-0"]
[WhiteElo "2216"]
[BlackElo "2153"]
[PlyCount "59"]
[EventDate "2025.06.03"]
[EventType "swiss (blitz)"]
[EventRounds "11"]
[EventCountry "USA"]
[SourceTitle "CB24_2025"]
[SourceDate "2025.06.11"]
[SourceVersion "1"]
[SourceVersionDate "2025.06.11"]
[SourceQuality "1"]

1. e4 Nf6 2. Nc3 d5 3. exd5 Nxd5 4. d4 Nxc3 5. bxc3 g6 6. Nf3 Bg7 7. Bg5 c5 8. Bb5+ Nc6 9. 0-0 0-0 10. Re1 Be6 11. Rxe6 fxe6 12. Qe2 cxd4 13. Qxe6+ Kh8 14. Bxc6 bxc6 15. Bxe7 Qe8 16. Re1 Rf5 17. Nxd4 Rf7 18. Nxc6 Rc8 19. Nb4 Rxc3 20. h4 Rc7 21. Nd5 Rxc2 22. f3 Bd4+ 23. Kh1 Bg7 24. Rb1 Rc4 25. Qd6 Rc8 26. Kh2 h5 27. Re1 Rf5 28. Qe6 Rc6 29. Qe4 Qf7 30. Nb4 1-0

[Event "Titled Tuesday intern op 03rd Jan Late"]
[Site "Chess.com INT"]
[Date "2025.06.03"]
[Round "1"]
[White "Yilmaz, Baver"]
[Black "Zhukovskyi, Oleksandr"]
[Result "1-0"]
[WhiteElo "2233"]
[BlackElo "2153"]
[PlyCount "141"]
[EventDate "2025.06.03"]
[EventType "swiss (blitz)"]
[EventRounds "11"]
[EventCountry "USA"]
[SourceTitle "CB24_2025"]
[SourceDate "2025.06.11"]
[SourceVersion "1"]
[SourceVersionDate "2025.06.11"]
[SourceQuality "1"]

1. e4 Nf6 2. e5 Nd5 3. d4 d6 4. Nf3 dxe5 5. Nxe5 c6 6. Bc4 Bf5 7. 0-0 Nd7 8. Nf3 e6 9. Bb3 Bd6 10. a3 0-0 11. c4 N5f6 12. Nc3 Qc7 13. Bc2 Bg4 14. h3 Bh5 15. Qd3 Bg6 16. Qe2 Rad8 17. Rd1 Rfe8 18. Bxg6 hxg6 19. Bg5 Bf4 20. Bxf6 Nxf6 21. g3 Bd6 22. c5 Be7 23. Kg2 Nd5 24. Ne4 Rd7 25. Ne5 Rdd8 26. b4 Bf6 27. Nc4 Re7 28. Ned6 Nc3 29. Qf3 Nxd1 30. Rxd1 Red7 31. h4 Rf8 32. Qe4 Be7 33. Rh1 Bxd6 34. Nxd6 Rxd6 35. cxd6 Qxd6 36. h5 gxh5 37. Rxh5 g6 38. Rh1 Qd5 39. Qxd5 cxd5 40. Rc1 f6 41. f4 Rf7 42. a4 Re7 43. Kf3 Kf7 44. Rc8 Re8 45. Rc5 Re7 46. Ke3 Rd7 47. g4 Ke7 48. Rc8 Kd6 49. Rf8 Ke7 50. Ra8 a6 51. Rc8 g5 52. fxg5 fxg5 53. Kd3 Kf6 54. a5 e5 55. Rf8+ Kg7 56. Rf5 exd4 57. Rxg5+ Kf6 58. Rf5+ Ke6 59. Kxd4 Rc7 60. Re5+ Kf6 61. Rxd5 Rc1 62. g5+ Ke6 63. Re5+ Kd6 64. Rc5 Rd1+ 65. Ke4 Re1+ 66. Kf5 Rg1 67. g6 Rf1+ 68. Kg5 Rh1 69. g7 Ke7 70. Kg6 Rg1+ 71. Rg5 1-0

[Event "Titled Tuesday intern op 03rd Jan Late"]
[Site "Chess.com INT"]
[Date "2025.06.03"]
[Round "3"]
[White "Zhukovskyi, Oleksandr"]
[Black "Yurtseven, Melih"]
[Result "0-1"]
[WhiteElo "2153"]
[BlackElo "2339"]
[PlyCount "36"]
[EventDate "2025.06.03"]
[EventType "swiss (blitz)"]
[EventRounds "11"]
[EventCountry "USA"]
[SourceTitle "CB24_2025"]
[SourceDate "2025.06.11"]
[SourceVersion "1"]
[SourceVersionDate "2025.06.11"]
[SourceQuality "1"]

1. b3 a5 2. e4 a4 3. f4 axb3 4. cxb3 e6 5. Nf3 d5 6. e5 c5 7. Bb5+ Bd7 8. Qe2 Ne7 9. d4 Qa5+ 10. Nbd2 Bxb5 11. Qf2 Nf5 12. g4 Nxd4 13. Nxd4 cxd4 14. Qxd4 Nc6 15. Qe3 d4 16. Qe4 Qc3 17. Rb1 Bb4 18. Kf2 Bd3 0-1

[Event "Ljubljana op"]
[Site "Ljubljana"]
[Date "2025.05.01"]
[Round "5"]
[White "Zhukovskyi, Oleksandr"]
[Black "Thorfinnsson, Bragi"]
[Result "0-1"]
[WhiteElo "2147"]
[BlackElo "2375"]
[PlyCount "114"]
[EventDate "2025.04.28"]
[EventType "swiss"]
[EventRounds "9"]
[EventCountry "SLO"]
[SourceTitle "CB19_2025"]
[SourceDate "2025.05.07"]
[SourceVersion "1"]
[SourceVersionDate "2025.05.07"]
[SourceQuality "1"]

1. e4 c5 2. Nf3 Nc6 3. Bb5 Nf6 4. e5 Nd5 5. Nc3 Nc7 6. Bxc6 dxc6 7. d3 Bg4 8. h3 Bxf3 9. Qxf3 Ne6 10. 0-0 g6 11. Qd1 Bg7 12. f4 Qd4+ 13. Kh1 0-0-0 14. Qe1 Qd7 15. Ne4 f5 16. Nd2 Nd4 17. Qd1 g5 18. Nb3 gxf4 19. Bxf4 Ne6 20. Bh2 f4 21. Bxf4 c4 22. Nc1 Rhf8 23. Bh2 Bh6 24. Rxf8 Rxf8 25. Ne2 cxd3 26. cxd3 Nc5 27. d4 Ne4 28. Bg1 Qd5 29. Qd3 Nf2+ 30. Bxf2 Rxf2 31. Qg3 Qf7 32. Qg4+ Kc7 33. Qe4 Qg6 34. Nc3 Rxb2 35. Rf1 Rc2 36. Qxg6 hxg6 37. Ne4 b6 38. Rf7 Kd8 39. Rh7 Rc1+ 40. Kh2 Bf4+ 41. g3 Rc2+ 42. Kh1 Be3 43. Rg7 Bxd4 44. Ng5 Kd7 45. Nf3 Ba1 46. Rxg6 Rf2 47. e6+ Kc7 48. Ng5 Rxa2 49. h4 c5 50. h5 c4 51. Ne4 c3 52. Nxc3 Bxc3 53. h6 a5 54. Rg4 Kd6 55. Rc4 Be5 56. h7 a4 57. Re4 Bh8 0-1

[Event "Prague op 23rd"]
[Site "Prague"]
[Date "2025.01.12"]
[Round "4"]
[White "Topencik, Bruno"]
[Black "Zhukovskyi, Oleksandr"]
[Result "1/2-1/2"]
[WhiteElo "1985"]
[BlackElo "2162"]
[PlyCount "53"]
[EventDate "2025.01.10"]
[EventType "swiss"]
[EventRounds "9"]
[EventCountry "CZE"]
[SourceTitle "CB04_2025"]
[SourceDate "2025.01.22"]
[SourceVersion "1"]
[SourceVersionDate "2025.01.22"]
[SourceQuality "1"]

1. e4 Nf6 2. e5 Nd5 3. d4 d6 4. Nf3 dxe5 5. Nxe5 c6 6. Nc3 Nxc3 7. bxc3 Nd7 8. Nf3 g6 9. Bd3 Bg7 10. 0-0 0-0 11. Re1 Re8 12. Bf4 Qa5 13. Qd2 Nb6 14. h3 Na4 15. Bd6 Bxh3 16. Bxe7 Bg4 17. Bb4 Qd5 18. Rxe8+ Rxe8 19. Re1 Rxe1+ 20. Qxe1 Qe6 21. Qd2 Bxf3 22. gxf3 a5 23. Bxa5 Qd5 24. Bb4 Qxf3 25. Qg5 h6 26. Qe7 Qg4+ 27. Kf1 1/2-1/2

[Event "Prague op 23rd"]
[Site "Prague"]
[Date "2025.01.11"]
[Round "3"]
[White "Zhukovskyi, Oleksandr"]
[Black "Amonov, Daler"]
[Result "1-0"]
[WhiteElo "2162"]
[BlackElo "2004"]
[PlyCount "151"]
[EventDate "2025.01.10"]
[EventType "swiss"]
[EventRounds "9"]
[EventCountry "CZE"]
[SourceTitle "CB04_2025"]
[SourceDate "2025.01.22"]
[SourceVersion "1"]
[SourceVersionDate "2025.01.22"]
[SourceQuality "1"]

1. e4 c5 2. Nf3 e6 3. c4 d5 4. cxd5 exd5 5. exd5 a6 6. Qa4+ Nd7 7. d4 Ngf6 8. Nc3 Bd6 9. dxc5 Bxc5 10. Be2 0-0 11. 0-0 b5 12. Nxb5 Nb6 13. Qc2 Bxf2+ 14. Rxf2 axb5 15. Bxb5 Nbxd5 16. Bg5 Bb7 17. Bc4 Qb6 18. Bxf6 Nxf6 19. Kh1 Rae8 20. Rff1 Ng4 21. Qb3 Qc7 22. Bd5 Bxd5 23. Qxd5 Ne3 24. Qd3 Nxf1 25. Rxf1 h6 26. b4 Qa7 27. Qc4 Ra8 28. Ra1 Qf2 29. Qb3 Rae8 30. a4 Re2 31. Rg1 Rc8 32. Qd5 Rc1 33. Qd8+ Kh7 34. Qd3+ g6 35. Qxe2 Qxe2 36. Rxc1 Qb2 37. Rf1 Qxb4 38. Ne5 f5 39. Nf3 Qxa4 40. h4 Kg7 41. Rb1 Qc6 42. Ra1 Kf6 43. Ra7 Qc1+ 44. Kh2 g5 45. Ra6+ Kg7 46. Ra7+ Kf8 47. Ra8+ Ke7 48. Ra7+ Kd8 49. Ra8+ Kc7 50. hxg5 hxg5 51. Ra5 Qf4+ 52. Kg1 g4 53. Ne1 g3 54. Rc5+ Kb6 55. Rc2 Kb5 56. Rc5+ Ka4 57. Rc2 Qd4+ 58. Kf1 Kb3 59. Re2 Qh4 60. Re3+ Kc4 61. Nf3 Qf4 62. Re1 Qh6 63. Re5 Qb6 64. Re2 Kc3 65. Ne1 Qh6 66. Nf3 Qh1+ 67. Ng1 Kd3 68. Re6 Qh8 69. Nf3 Qh1+ 70. Ng1 f4 71. Re2 Qh8 72. Re1 Qd4 73. Rd1+ Ke3 74. Rxd4 Kxd4 75. Ke2 Ke4 76. Nh3 1-0

[Event "Skopje op-A"]
[Site "Skopje"]
[Date "2024.12.16"]
[Round "8"]
[White "Zhukovskyi, Oleksandr"]
[Black "Schekachikhin, Maksim"]
[Result "0-1"]
[WhiteElo "2199"]
[BlackElo "2385"]
[PlyCount "70"]
[EventDate "2024.12.11"]
[EventType "swiss"]
[EventRounds "9"]
[EventCountry "MKD"]
[SourceTitle "CB52_2024"]
[SourceDate "2024.12.25"]
[SourceVersion "1"]
[SourceVersionDate "2024.12.25"]
[SourceQuality "1"]

1. e4 c5 2. Nf3 Nc6 3. Bb5 g6 4. Bxc6 dxc6 5. d3 Bg7 6. h3 Qc7 7. 0-0 h6 8. Nh2 e5 9. a4 a5 10. Be3 b6 11. f4 Ne7 12. Qd2 Be6 13. fxe5 g5 14. c3 Qxe5 15. Qc2 f5 16. d4 Qxe4 17. Qxe4 fxe4 18. dxc5 Nd5 19. Re1 0-0-0 20. Nf1 Nxe3 21. Nxe3 Bf8 22. cxb6 Bc5 23. Na3 Rd3 24. Nac2 Bxb6 25. Kh2 Rf8 26. Re2 Bb3 27. Nd4 Bxd4 28. cxd4 Rxd4 29. Ng4 h5 30. Ne5 Kc7 31. Re3 Bd5 32. Rg3 Rf5 33. Ng6 Kd6 34. Kg1 Rd3 35. Rxd3 exd3 0-1

[Event "Skopje op-A"]
[Site "Skopje"]
[Date "2024.12.15"]
[Round "7"]
[White "Zhukovskyi, Oleksandr"]
[Black "Vreljanski, Dragomir"]
[Result "1-0"]
[WhiteElo "2199"]
[BlackElo "2022"]
[PlyCount "109"]
[EventDate "2024.12.11"]
[EventType "swiss"]
[EventRounds "9"]
[EventCountry "MKD"]
[SourceTitle "CB52_2024"]
[SourceDate "2024.12.25"]
[SourceVersion "1"]
[SourceVersionDate "2024.12.25"]
[SourceQuality "1"]

1. e4 e6 2. d4 d5 3. Nc3 Bb4 4. e5 c5 5. a3 Bxc3+ 6. bxc3 Nc6 7. Qg4 g6 8. h4 Qa5 9. Bd2 Bd7 10. h5 0-0-0 11. Nf3 Qa4 12. hxg6 fxg6 13. Bd3 Nge7 14. Kd1 c4 15. Be2 h5 16. Qh3 Qa5 17. Ng5 Rdf8 18. g4 hxg4 19. Qxh8 Rxh8 20. Rxh8+ Kc7 21. Bxg4 Nf5 22. Rf8 Nce7 23. Rf6 Qb6 24. Rc1 Qa6 25. Ke2 Qxa3 26. Nxe6+ Bxe6 27. Rxe6 Nc6 28. Bxf5 gxf5 29. Rd6 Qa5 30. Rh1 Qa2 31. Rc1 Qa5 32. Rf6 Qa3 33. Rf7+ Kb6 34. Rb1+ Ka6 35. Rfxb7 Qf8 36. R7b2 Qg7 37. Ra1+ Na5 38. Rba2 Qg4+ 39. f3 Qg2+ 40. Kd1 Qf1+ 41. Be1 Qxf3+ 42. Kc1 Qe3+ 43. Bd2 Qe4 44. Rxa5+ Kb6 45. Ra6+ Kb7 46. Rxa7+ Kb6 47. R1a6+ Kb5 48. Rf6 f4 49. Rb7+ Ka5 50. Rf8 Ka6 51. Rb4 Ka7 52. Bxf4 Qg6 53. e6 Qxe6 54. Bb8+ Ka6 55. Bd6 1-0

[Event "Skopje op-A"]
[Site "Skopje"]
[Date "2024.12.14"]
[Round "5"]
[White "Zhukovskyi, Oleksandr"]
[Black "Zajic, Milan"]
[Result "0-1"]
[WhiteElo "2199"]
[BlackElo "2392"]
[PlyCount "60"]
[EventDate "2024.12.11"]
[EventType "swiss"]
[EventRounds "9"]
[EventCountry "MKD"]
[SourceTitle "CB52_2024"]
[SourceDate "2024.12.25"]
[SourceVersion "1"]
[SourceVersionDate "2024.12.25"]
[SourceQuality "1"]

1. e4 c5 2. Nf3 d6 3. Bb5+ Nd7 4. 0-0 Ngf6 5. Re1 a6 6. Bf1 b6 7. c4 Bb7 8. Nc3 g6 9. d4 cxd4 10. Nxd4 Bg7 11. f4 Nc5 12. e5 dxe5 13. fxe5 Nfd7 14. b4 Ne6 15. Nxe6 fxe6 16. Bf4 0-0 17. Qg4 Rf5 18. Rad1 Qc7 19. Bd3 Rxf4 20. Qxf4 Bxe5 21. Qg4 Bxc3 22. Bxg6 Nf6 23. Bxh7+ Kh8 24. Qh3 Bxe1 25. Be4+ Kg7 26. Bxb7 Rh8 27. Qxe6 Qxh2+ 28. Kf1 Bxb4 29. Qxb6 Qf4+ 30. Kg1 Bd6 0-1

[Event "Skopje op-A"]
[Site "Skopje"]
[Date "2024.12.13"]
[Round "3"]
[White "Zhukovskyi, Oleksandr"]
[Black "Karaivanova, Petya F"]
[Result "1-0"]
[WhiteElo "2199"]
[BlackElo "1939"]
[PlyCount "62"]
[EventDate "2024.12.11"]
[EventType "swiss"]
[EventRounds "9"]
[EventCountry "MKD"]
[SourceTitle "CB52_2024"]
[SourceDate "2024.12.25"]
[SourceVersion "1"]
[SourceVersionDate "2024.12.25"]
[SourceQuality "1"]

1. e4 e5 2. Nf3 Nc6 3. d4 exd4 4. Bc4 Nf6 5. e5 d5 6. Bb5 Ne4 7. Nxd4 Bd7 8. Bxc6 bxc6 9. 0-0 Be7 10. f3 Nc5 11. f4 Ne4 12. Nc3 Bc5 13. Kh1 Bxd4 14. Qxd4 Bf5 15. Nxe4 Bxe4 16. Qc5 Qd7 17. Be3 Rb8 18. Qxa7 0-0 19. b3 Bxc2 20. Rf2 Be4 21. Rc1 Ra8 22. Qc5 Rfb8 23. Bd4 Ra6 24. Kg1 h6 25. h3 h5 26. Kh2 h4 27. Qc3 Re8 28. a4 c5 29. Qxc5 Rg6 30. f5 Rg3 31. b4 Bxf5 1-0

[Event "Skopje op-A"]
[Site "Skopje"]
[Date "2024.12.12"]
[Round "2"]
[White "Bernadskiy, Vitaliy"]
[Black "Zhukovskyi, Oleksandr"]
[Result "1-0"]
[WhiteElo "2546"]
[BlackElo "2199"]
[PlyCount "51"]
[EventDate "2024.12.11"]
[EventType "swiss"]
[EventRounds "9"]
[EventCountry "MKD"]
[SourceTitle "CB52_2024"]
[SourceDate "2024.12.25"]
[SourceVersion "1"]
[SourceVersionDate "2024.12.25"]
[SourceQuality "1"]

1. e4 Nf6 2. e5 Nd5 3. Nc3 Nxc3 4. dxc3 d6 5. Nf3 Qd7 6. exd6 exd6 7. Be3 Be7 8. Qd2 Nc6 9. 0-0-0 Qf5 10. c4 Qa5 11. Qxa5 Nxa5 12. Nd4 Nc6 13. Nb5 Bd8 14. c5 dxc5 15. Bxc5 Be6 16. g3 a6 17. Nc3 Be7 18. Bxe7 Nxe7 19. Bg2 Ra7 20. Rhe1 0-0 21. Ne4 Nf5 22. Nc5 Bc8 23. Nd7 Bxd7 24. Rxd7 b5 25. Bd5 a5 26. Rxf7 1-0

[Event "EU-ch U18 blitz"]
[Site "Prague"]
[Date "2024.08.20"]
[Round "12"]
[White "Javornik, Nik"]
[Black "Zhukovskyi, Oleksandr"]
[Result "1/2-1/2"]
[WhiteElo "2212"]
[BlackElo "1867"]
[PlyCount "132"]
[EventDate "2024.08.19"]
[EventType "swiss (blitz)"]
[EventRounds "18"]
[EventCountry "CZE"]
[SourceTitle "CBM 221 Extra"]
[Source "ChessBase"]
[SourceDate "2024.09.30"]
[SourceVersion "1"]
[SourceVersionDate "2024.09.30"]
[SourceQuality "1"]

1. e4 Nf6 2. e5 Nd5 3. d4 d6 4. c4 Nb6 5. exd6 exd6 6. Nc3 Be7 7. h3 Bf5 8. Nf3 0-0 9. Be2 c6 10. 0-0 Na6 11. a3 Nc7 12. b4 d5 13. c5 Nd7 14. Bf4 Ne6 15. Bh2 Nf6 16. Nh4 Bg6 17. Nxg6 hxg6 18. a4 Ne4 19. Qd3 Bf6 20. Nxe4 dxe4 21. Qxe4 Nxd4 22. Bg4 Re8 23. Qd3 Qd5 24. Rad1 a5 25. bxa5 Qxc5 26. Qb1 Re7 27. Rfe1 Rxe1+ 28. Rxe1 Qxa5 29. Rc1 b6 30. Bf4 Qxa4 31. Qxb6 Re8 32. Be3 Qa3 33. Rd1 Rxe3 34. fxe3 Qxe3+ 35. Kh1 Qg3 36. Rxd4 Qe1+ 37. Kh2 Qe5+ 38. Kh1 Qxd4 39. Qxc6 Qa1+ 40. Kh2 Be5+ 41. g3 Qb2+ 42. Qg2 Qc3 43. Qa8+ Kh7 44. Qf3 Qd2+ 45. Qg2 Qe3 46. Qf3 Qd2+ 47. Qg2 Qd4 48. Bf3 f5 49. Qe2 Qd6 50. Qf2 Bd4 51. Qg2 f4 52. gxf4 Be3 53. Bg4 Bxf4+ 54. Kh1 Qd4 55. Qf3 Qa1+ 56. Kg2 Qb2+ 57. Qf2 Qe5 58. Qe2 Qd5+ 59. Qf3 Qd4 60. Qe2 Qc3 61. Qf2 Qe5 62. Qh4+ Kg8 63. Qd8+ Kh7 64. Qh4+ Kg8 65. Qf2 Qe4+ 66. Qf3 Qxf3+ 1/2-1/2

[Event "Zhitomir Sachuk Memorial op"]
[Site "Zhitomir"]
[Date "2024.05.19"]
[Round "4"]
[White "Vypkhaniuk, Igor"]
[Black "Zhukovskyi, Oleksandr"]
[Result "1-0"]
[WhiteElo "2408"]
[BlackElo "1897"]
[PlyCount "65"]
[EventDate "2024.05.19"]
[EventType "swiss (blitz)"]
[EventRounds "11"]
[EventCountry "UKR"]
[SourceTitle "CBM 220 Extra"]
[Source "ChessBase"]
[SourceDate "2024.07.31"]
[SourceVersion "1"]
[SourceVersionDate "2024.07.31"]
[SourceQuality "1"]

1. Nf3 Nf6 2. c4 g6 3. Nc3 d5 4. cxd5 Nxd5 5. Qc2 Bg7 6. e4 Nxc3 7. dxc3 0-0 8. Be3 c6 9. Bc4 Nd7 10. Rd1 Qa5 11. 0-0 Nf6 12. h3 Nd7 13. Rd2 Nb6 14. b4 Qa4 15. Bb3 Qb5 16. Bc5 Re8 17. a4 Qa6 18. Rfd1 Nc4 19. Rd8 Be6 20. Rxa8 Rxa8 21. Ng5 Na3 22. Qa2 Bxb3 23. Qxb3 Nc4 24. b5 cxb5 25. axb5 Qf6 26. h4 Ne5 27. Bd4 h6 28. Bxe5 Qxe5 29. Qxf7+ Kh8 30. Ne6 Bf6 31. Nf8 Rxf8 32. Qxf8+ Kh7 33. Qf7+ 1-0

[Event "Malakhatko Memorial op"]
[Site "Chess.com INT"]
[Date "2023.06.14"]
[Round "4"]
[White "Zhukovskyi, Oleksandr"]
[Black "Baziuk, Vladyslav"]
[Result "1-0"]
[WhiteElo "1733"]
[BlackElo "2201"]
[PlyCount "27"]
[EventDate "2023.06.14"]
[EventType "swiss (blitz)"]
[EventRounds "11"]
[EventCountry "USA"]
[SourceTitle "CBM 214 Extra"]
[Source "ChessBase"]
[SourceDate "2023.07.31"]
[SourceVersion "1"]
[SourceVersionDate "2023.07.31"]
[SourceQuality "1"]

1. e4 c6 2. d4 d5 3. exd5 cxd5 4. Bd3 Nc6 5. c3 Qc7 6. Ne2 Bg4 7. f3 Bh5 8. Bf4 e5 9. dxe5 Nxe5 10. Bb5+ Ke7 11. Qxd5 f6 12. Nd4 Bg6 13. 0-0 Qd6 14. Qxb7+ 1-0

[Event "Malakhatko Memorial op"]
[Site "Chess.com INT"]
[Date "2023.06.14"]
[Round "7"]
[White "Zhukovskyi, Oleksandr"]
[Black "Vysochin, Spartak"]
[Result "0-1"]
[WhiteElo "1733"]
[BlackElo "2512"]
[PlyCount "30"]
[EventDate "2023.06.14"]
[EventType "swiss (blitz)"]
[EventRounds "11"]
[EventCountry "USA"]
[SourceTitle "CBM 214 Extra"]
[Source "ChessBase"]
[SourceDate "2023.07.31"]
[SourceVersion "1"]
[SourceVersionDate "2023.07.31"]
[SourceQuality "1"]

1. e4 e6 2. d4 d5 3. Nc3 Bb4 4. e5 Ne7 5. a3 Bxc3+ 6. bxc3 c5 7. Qg4 cxd4 8. Qxg7 Rg8 9. Qxh7 Qc7 10. Qd3 dxc3 11. f4 Nbc6 12. Qxc3 Bd7 13. Nf3 0-0-0 14. Ng5 Be8 15. h4 Kb8 0-1

[Event "Kiev Spring op"]
[Site "Kiev"]
[Date "2023.03.29"]
[Round "7"]
[White "Bondar, Wladimir"]
[Black "Zhukovskyi, Oleksandr"]
[Result "0-1"]
[WhiteElo "1944"]
[BlackElo "1714"]
[PlyCount "70"]
[EventDate "2023.03.25"]
[EventType "swiss"]
[EventRounds "9"]
[EventCountry "UKR"]
[SourceTitle "EXT 2024"]
[Source "ChessBase"]
[SourceDate "2023.10.10"]
[SourceVersion "1"]
[SourceVersionDate "2023.10.10"]
[SourceQuality "1"]

1. d4 Nf6 2. Nf3 g6 3. Bf4 Bg7 4. h3 0-0 5. e3 d6 6. Be2 Nc6 7. 0-0 Nd7 8. c3 e5 9. Bg3 f5 10. dxe5 dxe5 11. Qb3+ Kh8 12. Bh4 Bf6 13. Bxf6+ Qxf6 14. Na3 Nb6 15. Nb5 Be6 16. Qc2 Rac8 17. a4 a6 18. Na3 g5 19. Nh2 Qf7 20. c4 h5 21. b3 g4 22. h4 Qe7 23. g3 Qb4 24. Rfc1 Nd7 25. Qc3 Nc5 26. Qxb4 Nxb4 27. Rab1 f4 28. Bd1 fxg3 29. fxg3 Nbd3 30. Rc3 Bf5 31. Ra1 Be4 32. Be2 Rf2 33. Bxd3 Rg2+ 34. Kh1 Nxd3 35. Nf3 Bxf3 0-1

[Event "Kiev Spring op"]
[Site "Kiev"]
[Date "2023.03.29"]
[Round "6"]
[White "Zhukovskyi, Oleksandr"]
[Black "Shvets, Serhii"]
[Result "1-0"]
[WhiteElo "1714"]
[BlackElo "1358"]
[PlyCount "107"]
[EventDate "2023.03.25"]
[EventType "swiss"]
[EventRounds "9"]
[EventCountry "UKR"]
[SourceTitle "EXT 2024"]
[Source "ChessBase"]
[SourceDate "2023.10.10"]
[SourceVersion "1"]
[SourceVersionDate "2023.10.10"]
[SourceQuality "1"]

1. e4 e5 2. Nf3 Nc6 3. d4 exd4 4. Bc4 Nf6 5. e5 d5 6. Bb5 Ne4 7. Nxd4 Bc5 8. Be3 0-0 9. Bxc6 Bxd4 10. Bxd4 bxc6 11. 0-0 Ba6 12. Re1 c5 13. Be3 Bb7 14. c3 Qe7 15. f3 Ng5 16. f4 Ne4 17. Nd2 Rfd8 18. Nxe4 dxe4 19. Qb3 Bd5 20. Qa3 Rdb8 21. b3 a5 22. Bxc5 Qe6 23. c4 Bc6 24. Qc1 Qg4 25. Qe3 Rd8 26. h3 Qd7 27. Re2 Qd3 28. Qxd3 Rxd3 29. Kf2 h5 30. Rb1 Rb8 31. Rbb2 Rbd8 32. Be3 Kf8 33. a3 a4 34. b4 Rxa3 35. Bc5+ Kg8 36. b5 e3+ 37. Kg3 Rb3 38. Rxb3 axb3 39. bxc6 Rd2 40. Rxe3 b2 41. Re1 Rd3+ 42. Kf2 Rd2+ 43. Kf3 Rd3+ 44. Be3 Rc3 45. Rb1 Rxc4 46. Rxb2 Rxc6 47. Ke4 Rc3 48. Kd4 Rc6 49. Kd3 Ra6 50. Rc2 c6 51. Ke4 g6 52. Kd4 Kg7 53. Rb2 f6 54. Rb7+ 1-0

[Event "Kiev Spring op"]
[Site "Kiev"]
[Date "2023.03.28"]
[Round "5"]
[White "Shykyravyi, Denys"]
[Black "Zhukovskyi, Oleksandr"]
[Result "0-1"]
[WhiteElo "1467"]
[BlackElo "1714"]
[PlyCount "52"]
[EventDate "2023.03.25"]
[EventType "swiss"]
[EventRounds "9"]
[EventCountry "UKR"]
[SourceTitle "EXT 2024"]
[Source "ChessBase"]
[SourceDate "2023.10.10"]
[SourceVersion "1"]
[SourceVersionDate "2023.10.10"]
[SourceQuality "1"]

1. e4 Nf6 2. e5 Nd5 3. c4 Nb6 4. d4 d6 5. exd6 exd6 6. Bd3 Be7 7. Nf3 Bg4 8. Be3 Nc6 9. Nbd2 Nb4 10. Bb1 0-0 11. a3 Nc6 12. h4 f5 13. Qc2 Qe8 14. Nh2 Bh5 15. g4 Bxh4 16. Nhf1 Bxf2+ 17. Kxf2 Bg6 18. Qb3 f4 19. c5+ Kh8 20. Kg2 fxe3 21. Qxe3 Nd5 22. Qxe8 Raxe8 23. Ng3 Bxb1 24. Raxb1 Nxd4 25. Nc4 dxc5 26. Nd2 b5 0-1

[Event "Vinnytsia City Cup"]
[Site "Vinnytsia"]
[Date "2021.11.05"]
[Round "6"]
[White "Zhukovskyi, Oleksandr"]
[Black "Shtompel, Yuriy"]
[Result "1/2-1/2"]
[WhiteElo "1688"]
[BlackElo "1848"]
[PlyCount "20"]
[EventDate "2021.11.02"]
[EventType "tourn"]
[EventRounds "11"]
[EventCountry "UKR"]
[SourceTitle "CBM 205 Extra"]
[Source "ChessBase"]
[SourceDate "2022.01.31"]
[SourceVersion "1"]
[SourceVersionDate "2022.01.31"]
[SourceQuality "1"]

1. e4 c5 2. Nf3 d6 3. Bb5+ Nd7 4. c4 Ngf6 5. 0-0 a6 6. Ba4 e5 7. Nc3 Be7 8. d3 0-0 9. Bxd7 Nxd7 10. Rb1 Nb8 1/2-1/2

[Event "Vinnytsia City Cup"]
[Site "Vinnytsia"]
[Date "2021.11.04"]
[Round "5"]
[White "Gavrish, Leonid"]
[Black "Zhukovskyi, Oleksandr"]
[Result "1-0"]
[WhiteElo "1886"]
[BlackElo "1688"]
[PlyCount "109"]
[EventDate "2021.11.02"]
[EventType "tourn"]
[EventRounds "11"]
[EventCountry "UKR"]
[SourceTitle "CBM 205 Extra"]
[Source "ChessBase"]
[SourceDate "2022.01.31"]
[SourceVersion "1"]
[SourceVersionDate "2022.01.31"]
[SourceQuality "1"]

1. d4 Nf6 2. c4 g6 3. Nc3 d5 4. Bg5 Ne4 5. Bh4 Nxc3 6. bxc3 c5 7. e3 Bg7 8. Nf3 cxd4 9. cxd4 Nc6 10. Rc1 0-0 11. cxd5 Qxd5 12. Rc5 Qd6 13. Bb5 e5 14. Bg3 Bg4 15. Bxc6 bxc6 16. h3 Bh5 17. 0-0 Rfe8 18. Bh2 Bxf3 19. Qxf3 Re6 20. Rfc1 Rb8 21. g4 Rb6 22. Bxe5 Bxe5 23. dxe5 Rxe5 24. Rxc6 Rxc6 25. Rxc6 Qd8 26. Kg2 Qd5 27. Qxd5 Rxd5 28. Ra6 Rd7 29. f4 f5 30. Kf3 Kg7 31. g5 h5 32. h4 Kf7 33. a4 Kg7 34. a5 Kf7 35. Rc6 Kg7 36. a6 Kf7 37. Rc8 Rd2 38. Rc7+ Kf8 39. Rxa7 Ra2 40. Ra8+ Kf7 41. a7 Kg7 42. e4 Ra3+ 43. Ke2 fxe4 44. Re8 Rxa7 45. Rxe4 Ra2+ 46. Kf3 Ra5 47. Rd4 Ra3+ 48. Ke4 Rh3 49. Rd7+ Kg8 50. Ke5 Rxh4 51. f5 Ra4 52. Rd8+ Kf7 53. Rd7+ Kg8 54. f6 h4 55. Rg7+ 1-0